[Event "Championnat de Martinique Toutes Catégor"]
[Site "Lamentin"]
[Date "2019.05.30"]
[Round "1.1"]
[White "Verneuil, Pascal"]
[Black "Hebrard, Emmanuel"]
[Result "1-0"]
[WhiteElo "2112"]
[BlackElo "1663"]
[PlyCount "139"]
[EventDate "2019.??.??"]

1. e4 e6 2. d4 d5 3. e5 c5 4. Nf3 Nc6 5. Bd3 cxd4 6. O-O Bc5 7. Re1 Nge7 8. Bf4
Nf5 9. a3 a5 10. Bxf5 exf5 11. e6 fxe6 12. Ng5 O-O 13. Nxe6 Bxe6 14. Rxe6 Qd7
15. Re2 Rae8 16. Nd2 Rxe2 17. Qxe2 Re8 18. Qb5 Qe7 19. Nf3 Ba7 20. Qxd5+ Qe6
21. Qxe6+ Rxe6 22. Re1 Re4 23. Bd2 h6 24. Rd1 Kf7 25. Ne1 g5 26. Nd3 f4 27. f3
Re6 28. Re1 Bb6 29. Kf1 Rxe1+ 30. Kxe1 Ke6 31. g3 fxg3 32. hxg3 Ne5 33. Nxe5
Kxe5 34. Ke2 Kd5 35. Kd3 Bc7 36. g4 b6 37. a4 Bd6 38. Be1 Be5 39. Bf2 Bf6 40.
c3 dxc3 41. bxc3 Kc6 42. Kc4 Bg7 43. Bd4 Bf8 44. Be5 Bc5 45. Bg7 Be3 46. Bxh6
Kd6 47. Bg7 Kc6 48. Bd4 Bf4 49. Kb3 b5 50. axb5+ Kxb5 51. c4+ Kc6 52. Ka4 Bc7
53. Be3 Bd8 54. c5 Be7 55. Kxa5 Bxc5 56. Bxg5 Bd6 57. Be3 Be7 58. Ka4 Kd5 59.
Kb3 Bh4 60. Kc3 Ke5 61. Kd3 Be7 62. Ke2 Bh4 63. Bf2 Be7 64. Bg3+ Kd4 65. Bf4
Bf8 66. Kf2 Kd3 67. Kg3 Ke2 68. g5 Kd3 69. Be5 Kc4 70. g6 1-0

[Event "Championnat de Martinique Toutes Catégor"]
[Site "Lamentin"]
[Date "2019.05.30"]
[Round "1.2"]
[White "Anselin, Djavan"]
[Black "Suez-Panama, Gilles"]
[Result "0-1"]
[WhiteElo "1485"]
[BlackElo "1956"]
[PlyCount "166"]
[EventDate "2019.??.??"]

1. e4 e6 2. f4 d5 3. e5 c5 4. Nf3 Nc6 5. c3 Nh6 6. Na3 Bd7 7. Be2 Be7 8. Nc2
O-O 9. O-O f5 10. Kh1 Be8 11. d4 c4 12. b3 b5 13. bxc4 bxc4 14. Ng5 Qd7 15. Rb1
Bg6 16. h4 Ng4 17. g3 Rfb8 18. Bd2 Rxb1 19. Qxb1 Rb8 20. Qa1 h6 21. Nh3 Qb7 22.
Nb4 Nd8 23. Rc1 a5 24. Nc2 Qb2 25. Bd1 Be8 26. a4 Nf7 27. Kg1 Qb7 28. Kf1 Qd7
29. Ne1 Qd8 30. Nf3 Qb6 31. Ne1 Qb7 32. Nc2 Qb6 33. Ne1 Nh8 34. Kg2 Bh5 35. Kg1
Qd8 36. Nf3 Qb6 37. Ne1 Ng6 38. Kh1 Qb2 39. Nc2 Nf8 40. Kg1 Nd7 41. Kh1 Qb6 42.
Ne1 Qd8 43. Nf3 Be8 44. Kg1 Rb7 45. Kh1 Qb8 46. Ne1 Rb2 47. Nc2 Rb3 48. Kg1 Nb6
49. Ne1 Ra3 50. Qb1 Bxa4 51. Bxa4 Rxa4 52. Qb5 Ra3 53. Rb1 Rb3 54. Rxb3 cxb3
55. Qxb3 Qc7 56. Qb5 Nc4 57. Qe8+ Kh7 58. Bc1 Qd8 59. Qf7 Qd7 60. h5 a4 61. Nc2
Nb6 62. Nf2 Nxf2 63. Kxf2 Bd8 64. Qg6+ Kg8 65. Nb4 Be7 66. Nc2 Nc4 67. Ke1 a3
68. Na1 Qc6 69. Nc2 Nb2 70. Bd2 a2 71. Na1 Bf8 72. Nc2 Qa6 73. Na1 Nd3+ 74. Kd1
Nf2+ 75. Ke1 Nd3+ 76. Kd1 Nf2+ 77. Ke1 Ne4 78. Nb3 a1=Q+ 79. Nxa1 Qxa1+ 80. Ke2
Qb2 81. Qxe6+ Kh8 82. Kf1 Qxd2 83. Qg6 Qf2# 0-1

[Event "Championnat de Martinique Toutes Catégor"]
[Site "Lamentin"]
[Date "2019.05.30"]
[Round "1.3"]
[White "Alcindor, Samuel"]
[Black "Francois-Haugrin, Said"]
[Result "1-0"]
[WhiteElo "1570"]
[BlackElo "1897"]
[PlyCount "67"]
[EventDate "2019.??.??"]

1. e4 c5 2. Nf3 Nc6 3. d4 cxd4 4. Nxd4 e5 5. Nb5 d6 6. c4 Be7 7. N1c3 a6 8. Na3
f5 9. exf5 Bxf5 10. g3 Nf6 11. Bg2 O-O 12. O-O Rb8 13. Nc2 Be6 14. Ne3 Nd4 15.
b3 b5 16. cxb5 axb5 17. Bb2 Qd7 18. Ncd5 Nxd5 19. Nxd5 Nc6 20. Rc1 Kh8 21. Rxc6
Qxc6 22. Nxe7 Qa6 23. Qh5 Rf6 24. Nd5 Bxd5 25. Bxd5 Qxa2 26. Bc1 Rbf8 27. Be3
Qc2 28. Qh4 Qe2 29. Qb4 Qh5 30. Qxb5 g5 31. Bg2 Qg6 32. Qc4 h5 33. h3 h4 34. g4
1-0

[Event "Championnat de Martinique Toutes Catégor"]
[Site "Lamentin"]
[Date "2019.05.30"]
[Round "1.4"]
[White "Evers, Shaman"]
[Black "Grange, Julien"]
[Result "0-1"]
[WhiteElo "1626"]
[BlackElo "1895"]
[PlyCount "124"]
[EventDate "2019.??.??"]

1. e4 c5 2. Nf3 d6 3. c3 Nf6 4. Bc4 Nc6 5. d3 d5 6. exd5 Nxd5 7. O-O a6 8. a4
Bg4 9. Nbd2 e6 10. Ne4 Be7 11. Ng3 Ne5 12. h3 Bxf3 13. gxf3 Nb6 14. f4 Nexc4
15. dxc4 Qxd1 16. Rxd1 Nxc4 17. b3 Nb6 18. Ba3 Rc8 19. Ne4 Rc6 20. c4 f5 21.
Nd2 Bd6 22. Nf3 Bxf4 23. Re1 Nd7 24. Bb2 Rd6 25. Ne5 Bxe5 26. Bxe5 Rd3 27. Kh2
Kf7 28. Rab1 Rd2 29. Kg3 Rd3+ 30. f3 Rd8 31. b4 g5 32. bxc5 Nxc5 33. Rb4 Rd2
34. h4 Ne4+ 35. Rxe4 fxe4 36. Rxb7+ R8d7 37. Rxd7+ Rxd7 38. fxe4 gxh4+ 39. Kxh4
Rd3 40. c5 Re3 41. Kg4 Rxe4+ 42. Bf4 e5 43. Kf5 Rxf4+ 44. Kxe5 Rc4 45. Kd6 Rxa4
46. c6 Rc4 47. c7 h5 48. Kd7 h4 49. c8=Q Rxc8 50. Kxc8 h3 51. Kb7 a5 52. Kb6 a4
53. Kb5 a3 54. Kb4 a2 55. Kb3 a1=Q 56. Kc4 h2 57. Kd3 h1=Q 58. Ke3 Qe5+ 59. Kd3
Qd1+ 60. Kc4 Qc7+ 61. Kb5 Qb1+ 62. Ka4 Qa7# 0-1

[Event "Championnat de Martinique Toutes Catégor"]
[Site "Lamentin"]
[Date "2019.05.30"]
[Round "1.5"]
[White "Chancerel, Dominique"]
[Black "Gouait, Raymond"]
[Result "0-1"]
[WhiteElo "1726"]
[BlackElo "1612"]
[PlyCount "64"]
[EventDate "2019.??.??"]

1. c4 e5 2. Nc3 Nf6 3. Nf3 Nc6 4. g3 d6 5. Bg2 g6 6. O-O Bg7 7. d3 O-O 8. a3
Re8 9. Bd2 e4 10. Ng5 exd3 11. exd3 Bg4 12. f3 Bf5 13. Nge4 h6 14. Re1 Nxe4 15.
fxe4 Bd7 16. Rb1 Ne5 17. Be3 Ng4 18. Qd2 c5 19. Nd5 Nxe3 20. Nxe3 Qg5 21. Re2
Bd4 22. Kh1 Re7 23. Nd5 Re5 24. Rf1 Kg7 25. Qxg5 hxg5 26. b3 Rh8 27. Ra2 g4 28.
Rb1 Reh5 29. Bf1 Be5 30. Rg2 f5 31. Be2 Bxg3 32. Rb2 Bxh2 0-1

[Event "Championnat de Martinique Toutes Catégor"]
[Site "Lamentin"]
[Date "2019.05.30"]
[Round "2.1"]
[White "Gouait, Raymond"]
[Black "Verneuil, Pascal"]
[Result "0-1"]
[WhiteElo "1612"]
[BlackElo "2112"]
[PlyCount "78"]
[EventDate "2019.??.??"]

1. d4 d5 2. Nf3 Nf6 3. c4 dxc4 4. Nc3 a6 5. a4 Nc6 6. e3 Na5 7. Be2 Bf5 8. O-O
e6 9. Ne5 c5 10. Nxc4 cxd4 11. exd4 Be7 12. Ne3 Bg6 13. d5 e5 14. Nc4 Nxc4 15.
Bxc4 O-O 16. Re1 Qc7 17. Be3 Qxc4 18. Rc1 Bb4 19. Ne2 Qxd5 20. Qxd5 Nxd5 21.
Red1 Nxe3 22. fxe3 Bh5 23. Kf2 Rac8 24. h3 Bxe2 25. Kxe2 f6 26. g4 Rxc1 27.
Rxc1 Rd8 28. Rc2 Rd7 29. b3 Kf7 30. Kf3 Ke6 31. Ke4 g6 32. Rf2 Rd2 33. Rxd2
Bxd2 34. Kd3 Bb4 35. e4 b5 36. axb5 axb5 37. Ke2 f5 38. gxf5+ gxf5 39. exf5+
Kxf5 0-1

[Event "Championnat de Martinique Toutes Catégor"]
[Site "Lamentin"]
[Date "2019.05.30"]
[Round "2.2"]
[White "Suez-Panama, Gilles"]
[Black "Grange, Julien"]
[Result "1-0"]
[WhiteElo "1956"]
[BlackElo "1895"]
[PlyCount "51"]
[EventDate "2019.??.??"]

1. Nf3 Nf6 2. d4 d5 3. b3 g6 4. Bb2 Bg7 5. e3 O-O 6. Bd3 Nbd7 7. Nbd2 c5 8. O-O
b6 9. Qe2 Bb7 10. Rac1 Re8 11. Rfd1 Qb8 12. c4 e6 13. dxc5 bxc5 14. cxd5 exd5
15. Bb5 Rc8 16. Ng5 a6 17. Bxd7 Nxd7 18. Qf3 f6 19. Qh3 Nf8 20. Ne6 Rc6 21.
Nxc5 Bc8 22. Qf3 Qd6 23. Ba3 Qd8 24. Nc4 Rxc5 25. Bxc5 Be6 26. Nb6 1-0

[Event "Championnat de Martinique Toutes Catégor"]
[Site "Lamentin"]
[Date "2019.05.30"]
[Round "2.4"]
[White "Laposte, Nicolas"]
[Black "Evers, Shaman"]
[Result "0-1"]
[WhiteElo "1519"]
[BlackElo "1626"]
[PlyCount "112"]
[EventDate "2019.??.??"]

1. e4 e5 2. Nf3 Nc6 3. Nc3 Bc5 4. Nxe5 Nxe5 5. d4 Bd6 6. dxe5 Bxe5 7. Bd3 d6 8.
Bd2 a6 9. Rb1 Ne7 10. a3 Be6 11. Qe2 Ng6 12. g3 Qd7 13. f4 Bg4 14. Qf2 Bf6 15.
f5 Ne5 16. h3 Bh5 17. g4 Bh4 18. Qxh4 Nf3+ 19. Kf2 Nxh4 20. gxh5 f6 21. Kg3 g5
22. hxg6 hxg6 23. Nd5 Qg7 24. Rhg1 O-O-O 25. Kf2 c6 26. Nf4 Qh6 27. Rbd1 g5 28.
Ne6 Rd7 29. Rg4 d5 30. exd5 Rxd5 31. Nxg5 fxg5 32. Bxg5 Qd6 33. Bxh4 Qh2+ 34.
Rg2 Qf4+ 35. Kg1 Qxh4 36. Rf1 Qxh3 37. f6 Qe3+ 38. Rff2 Rdh5 39. Kf1 Rh1+ 40.
Rg1 Rxg1+ 41. Kxg1 Qe1+ 42. Kg2 Rh2+ 43. Kxh2 Qxf2+ 44. Kh1 Qxf6 45. b4 Qf2 46.
b5 cxb5 47. a4 bxa4 48. c4 a3 49. Bb1 Qf1+ 50. Kh2 Qxb1 51. c5 a2 52. c6 bxc6
53. Kg2 a1=Q 54. Kf3 Qd3+ 55. Kf4 Qf6+ 56. Kg4 Qdf3# 0-1

[Event "Championnat de Martinique Toutes Catégor"]
[Site "Lamentin"]
[Date "2019.05.30"]
[Round "2.6"]
[White "Anselin, Djavan"]
[Black "Chancerel, Dominique"]
[Result "0-1"]
[WhiteElo "1485"]
[BlackElo "1726"]
[PlyCount "76"]
[EventDate "2019.??.??"]

1. e4 c5 2. d4 cxd4 3. c3 dxc3 4. Nxc3 e6 5. Bc4 Nc6 6. Nf3 Bb4 7. Bd2 Nge7 8.
O-O a6 9. a3 Ba5 10. b4 Bc7 11. Re1 b5 12. Bb3 Bb7 13. Bg5 h6 14. Be3 Ng6 15.
Qd2 Nge5 16. Nxe5 Bxe5 17. Rac1 Rc8 18. Ne2 O-O 19. f4 Bc7 20. Bc2 Bb6 21. e5
Bxe3+ 22. Qxe3 Ne7 23. Qd3 g6 24. Ng3 Nd5 25. Rf1 Rc3 26. Qe2 Qb6+ 27. Kh1 Rfc8
28. Rf2 Ne3 29. Nf1 Nxc2 30. Rxc2 Rxc2 31. Qxc2 Rxc2 32. Rxc2 Bc6 33. Rc5 a5
34. h3 axb4 35. axb4 Qa6 36. Ne3 Qa3 37. Ng4 Qxh3+ 38. Kg1 Qxg2# 0-1

[Event "Championnat de Martinique Toutes Catégor"]
[Site "Lamentin"]
[Date "2019.05.30"]
[Round "2.5"]
[White "Francois-Haugrin, Said"]
[Black "Lefrancois, Frederic"]
[Result "1-0"]
[WhiteElo "1897"]
[BlackElo "1504"]
[PlyCount "100"]
[EventDate "2019.??.??"]

1. e4 b6 2. d4 Bb7 3. Bd3 g6 4. Be3 Bg7 5. c4 e6 6. Nc3 Ne7 7. Qd2 d6 8. f3 c5
9. d5 a6 10. Bh6 Bxh6 11. Qxh6 Ng8 12. Qd2 Qh4+ 13. g3 Qe7 14. O-O-O e5 15. f4
Nd7 16. Nf3 f6 17. g4 O-O-O 18. g5 Rf8 19. gxf6 Rxf6 20. f5 h6 21. Rdg1 Nf8 22.
Rg3 Qf7 23. Na4 Nd7 24. b4 Ne7 25. bxc5 dxc5 26. Qb2 gxf5 27. Nxe5 Nxe5 28.
Qxe5 Ng6 29. Rxg6 Qxg6 30. Nxb6+ Rxb6 31. Qxh8+ Kc7 32. Qe5+ Kd7 33. Qxf5+ Qxf5
34. exf5 Rf6 35. Rg1 Kd6 36. Rg6 Ke5 37. Kd2 Bc8 38. Ke3 Bxf5 39. Rxf6 Kxf6 40.
Bxf5 Kxf5 41. Kf3 a5 42. a4 Ke5 43. Kg4 Kd4 44. d6 Kxc4 45. d7 Kb4 46. d8=Q
Kxa4 47. Kf3 Kb5 48. Ke3 a4 49. Kd3 a3 50. Kc3 a2 1-0

[Event "Championnat de Martinique Toutes Catégor"]
[Site "Lamentin"]
[Date "2019.05.30"]
[Round "3.1"]
[White "Chancerel, Dominique"]
[Black "Suez-Panama, Gilles"]
[Result "1/2-1/2"]
[WhiteElo "1726"]
[BlackElo "1956"]
[PlyCount "146"]
[EventDate "2019.??.??"]

1. c4 e5 2. Nc3 Nc6 3. Nf3 f5 4. d3 Nf6 5. a3 Be7 6. g3 O-O 7. Bg2 d6 8. O-O
Qe8 9. Bg5 Qh5 10. Bxf6 Bxf6 11. Nd5 Bd8 12. b4 g5 13. b5 Ne7 14. Nxe7+ Bxe7
15. e3 f4 16. exf4 gxf4 17. Nd2 Bg4 18. Bd5+ Kh8 19. f3 fxg3 20. hxg3 Bf5 21.
Ne4 Qh3 22. Qe1 Bxe4 23. Bxe4 Rg8 24. g4 d5 25. Bxd5 Bc5+ 26. Rf2 Qg3+ 27. Kf1
Bxf2 28. Qxf2 Qxf2+ 29. Kxf2 Rgf8 30. Bxb7 Rad8 31. Be4 Kg7 32. Rh1 h6 33. Rh5
Rde8 34. g5 Rh8 35. g6 Rhf8 36. Ke3 Rf6 37. a4 Ree6 38. d4 exd4+ 39. Kxd4 Rd6+
40. Ke3 Rde6 41. Kd4 Rd6+ 42. Kc3 Rxg6 43. Rc5 Rd7 44. Bxg6 Kxg6 45. f4 h5 46.
Rg5+ Kh6 47. Rg2 Rf7 48. Rf2 h4 49. Kd3 Kh5 50. Ke4 h3 51. Kf3 Kh4 52. Rd2 Rg7
53. Rd8 Rg3+ 54. Kf2 Rc3 55. Rd4 Rc2+ 56. Kg1 h2+ 57. Kh1 Kg3 58. Rd3+ Kxf4 59.
c5 Ke4 60. Rd7 Rxc5 61. Kxh2 Ke5 62. Kg2 Rc4 63. Kf3 Ke6 64. Rh7 Kd6 65. Rh6+
Kd5 66. Ra6 c6 67. bxc6 Rxc6 68. Rxa7 Rc3+ 69. Ke2 Kc6 70. Kd2 Ra3 71. Kc2 Kb6
72. Ra8 Kb7 73. Ra5 Kb6 1/2-1/2

[Event "Championnat de Martinique Toutes Catégor"]
[Site "Lamentin"]
[Date "2019.05.30"]
[Round "3.2"]
[White "Verneuil, Pascal"]
[Black "Anselin, Djavan"]
[Result "1-0"]
[WhiteElo "2112"]
[BlackElo "1485"]
[PlyCount "101"]
[EventDate "2019.??.??"]

1. e4 e6 2. d4 d5 3. Bd3 c5 4. exd5 Qxd5 5. Nc3 Qd8 6. dxc5 Bxc5 7. Ne4 Bb6 8.
Qg4 Kf8 9. Qe2 h6 10. Bd2 a5 11. Nf3 Nc6 12. Bc3 Nge7 13. a3 Qc7 14. Bd2 Bd7
15. O-O g5 16. Bc3 e5 17. Nf6 Bd4 18. Nxe5 Bxe5 19. Bxe5 Nxe5 20. Qxe5 Qxe5 21.
Nxd7+ Kg7 22. Nxe5 f6 23. Nc4 Nd5 24. g3 Ne7 25. Rfe1 Nc6 26. Nd6 h5 27. Nf5+
Kf7 28. Bc4+ Kg6 29. Ne7+ Nxe7 30. Rxe7 h4 31. g4 Rab8 32. Rae1 Rhd8 33. Bd3+
Rxd3 34. cxd3 h3 35. Rc7 b5 36. Ree7 Rg8 37. d4 b4 38. f3 bxa3 39. bxa3 a4 40.
d5 Kh6 41. d6 f5 42. Re6+ Rg6 43. gxf5 Rxe6 44. fxe6 Kg6 45. Rf7 g4 46. d7 gxf3
47. d8=Q f2+ 48. Kxf2 Kh5 49. Qh8+ Kg6 50. Qg8+ Kh6 51. Rh7# 1-0

[Event "Championnat de Martinique Toutes Catégor"]
[Site "Lamentin"]
[Date "2019.05.30"]
[Round "3.4"]
[White "Grange, Julien"]
[Black "Laposte, Nicolas"]
[Result "0-1"]
[WhiteElo "1895"]
[BlackElo "1519"]
[PlyCount "26"]
[EventDate "2019.??.??"]

1. e4 e5 2. Nf3 Nc6 3. d4 exd4 4. Bc4 Bb4+ 5. c3 dxc3 6. O-O d6 7. Qb3 Qe7 8.
bxc3 Bc5 9. Re1 Bd7 10. Bg5 f6 11. Bxg8 fxg5 12. Bxh7 O-O-O 13. Bf5 g4 0-1

[Event "Championnat de Martinique Toutes Catégor"]
[Site "Lamentin"]
[Date "2019.05.30"]
[Round "3.5"]
[White "Alcindor, Samuel"]
[Black "Gouait, Raymond"]
[Result "1-0"]
[WhiteElo "1570"]
[BlackElo "1612"]
[Annotator "Doe,John"]
[PlyCount "32"]
[EventDate "2019.??.??"]

1. e4 c5 2. Nf3 d6 3. d4 cxd4 4. Nxd4 Nf6 5. Nc3 a6 6. Be3 e5 7. Nf3 Be7 8. Be2
h6 9. O-O Be6 10. Nd2 Nbd7 11. Bc4 Bxc4 12. Nxc4 Qc7 13. Qe2 b5 14. Nd2 O-O 15.
a3 Rfd8 16. f4 Nb6 {téléphonne} 1-0

[Event "Championnat de Martinique Toutes Catégor"]
[Site "Lamentin"]
[Date "2019.05.30"]
[Round "3.6"]
[White "Lefrancois, Frederic"]
[Black "Hebrard, Emmanuel"]
[Result "0-1"]
[WhiteElo "1504"]
[BlackElo "1663"]
[PlyCount "50"]
[EventDate "2019.??.??"]

1. d4 f5 2. c4 Nf6 3. Nc3 e6 4. e3 d5 5. Bd3 c6 6. Nge2 Bd6 7. f3 O-O 8. O-O
Qc7 9. f4 Ne4 10. Rf3 Nd7 11. c5 Be7 12. Rh3 b6 13. b4 a5 14. Ba3 axb4 15. Bxb4
bxc5 16. dxc5 Bxc5 17. Bxc5 Ndxc5 18. Bxe4 fxe4 19. Rg3 Nd3 20. Nd4 Rf7 21. a4
e5 22. fxe5 Qxe5 23. Ra2 Ba6 24. Rc2 Nb4 25. Rf2 Rxf2 0-1

[Event "Championnat de Martinique Toutes Catégor"]
[Site "Lamentin"]
[Date "2019.05.30"]
[Round "4.1"]
[White "Chancerel, Dominique"]
[Black "Verneuil, Pascal"]
[Result "0-1"]
[WhiteElo "1726"]
[BlackElo "2112"]
[PlyCount "74"]
[EventDate "2019.??.??"]

1. c4 e5 2. Nc3 d6 3. Nf3 Nc6 4. e3 f5 5. d4 e4 6. Nd2 Nf6 7. Be2 Be7 8. a3 O-O
9. b4 Nb8 10. Bb2 Qe8 11. Nf1 c6 12. Ng3 Qf7 13. Rc1 Be6 14. O-O Nbd7 15. h3
Nb6 16. c5 Nbd5 17. Qd2 Rad8 18. Bd1 Nxc3 19. Qxc3 Nd5 20. Qd2 Bg5 21. Rc2 Qg6
22. Bh5 Qh6 23. Be2 Nxe3 24. Qc3 Nxf1 25. Bxf1 d5 26. Ne2 f4 27. Bc1 Bf5 28.
Rb2 a6 29. a4 Bd7 30. Qb3 Rde8 31. Nc3 Kh8 32. b5 axb5 33. axb5 f3 34. Bxg5
Qxg5 35. g3 e3 36. bxc6 exf2+ 37. Kxf2 Qe3# 0-1

[Event "Championnat de Martinique Toutes Catégor"]
[Site "Lamentin"]
[Date "2019.05.30"]
[Round "4.5"]
[White "Anselin, Djavan"]
[Black "Alcindor, Samuel"]
[Result "1/2-1/2"]
[WhiteElo "1485"]
[BlackElo "1570"]
[PlyCount "162"]
[EventDate "2019.??.??"]

1. e4 c5 2. d4 cxd4 3. c3 dxc3 4. Nxc3 Nc6 5. Nf3 d6 6. Bc4 e6 7. O-O Nf6 8.
Bg5 Be7 9. Qd2 h6 10. Bf4 O-O 11. Rfd1 e5 12. Bg3 a6 13. Rac1 Bg4 14. Qe3 Rc8
15. Bd5 Nxd5 16. Rxd5 Bxf3 17. Qxf3 Nd4 18. Qd3 Qb6 19. Rb1 Rc7 20. Ne2 Rfc8
21. h3 Nxe2+ 22. Qxe2 Rc2 23. Rd2 Rxd2 24. Qxd2 Bg5 25. Qe2 Qc6 26. f3 Qc2 27.
Re1 Qxe2 28. Rxe2 Rc1+ 29. Kh2 Kf8 30. h4 Bf4 31. Bxf4 exf4 32. Kh3 h5 33. g3
fxg3 34. Kxg3 Ke7 35. Rd2 Ke6 36. Kf4 f6 37. Rg2 Kf7 38. Rd2 Rc6 39. Rg2 g6 40.
Rd2 a5 41. Rg2 Rc7 42. Rd2 Ke6 43. Rg2 Rg7 44. b3 d5 45. exd5+ Kxd5 46. Rd2+
Kc5 47. Rc2+ Kb5 48. Rd2 Kb4 49. Rd4+ Kc5 50. Rd2 Re7 51. Rg2 Rg7 52. Rd2 b5
53. a3 Rg8 54. Rc2+ Kd5 55. Rd2+ Kc6 56. Rc2+ Kb6 57. Rd2 Rc8 58. Rg2 Rg8 59.
Rd2 Rc8 60. Rg2 Rc3 61. Rxg6 Rxb3 62. Rxf6+ Kc7 63. Rf5 b4 64. axb4 Rxb4+ 65.
Kg5 a4 66. Kxh5 Kb6 67. Rf6+ Kb5 68. Re6 a3 69. Re1 Rf4 70. Rf1 a2 71. Ra1 Ra4
72. Kg5 Kb4 73. f4 Kb3 74. f5 Kb2 75. Rxa2+ Rxa2 76. f6 Kc3 77. f7 Rf2 78. Kg6
Kd4 79. Kg7 Ke5 80. h5 Rg2+ 81. Kh7 Rf2 1/2-1/2

[Event "Championnat de Martinique Toutes Catégor"]
[Site "Lamentin"]
[Date "2019.05.30"]
[Round "4.6"]
[White "Gouait, Raymond"]
[Black "Lefrancois, Frederic"]
[Result "1/2-1/2"]
[WhiteElo "1612"]
[BlackElo "1504"]
[PlyCount "66"]
[EventDate "2019.??.??"]

1. d4 d5 2. c4 c6 3. Nf3 Bf5 4. e3 e6 5. Nc3 Bd6 6. Qb3 Qc7 7. c5 Be7 8. Be2 b6
9. Na4 Nd7 10. cxb6 axb6 11. Bd2 Ngf6 12. h3 h6 13. Rc1 c5 14. Bb5 O-O 15. O-O
c4 16. Qd1 Ne4 17. b3 Nd6 18. Bxd7 Qxd7 19. Ne5 Qb7 20. Bb4 f6 21. Nf3 Bd3 22.
Re1 Rfc8 23. a3 Rc7 24. Nb2 Be4 25. Nd2 Rac8 26. Nxe4 dxe4 27. bxc4 Nxc4 28.
Qb3 Bxb4 29. axb4 b5 30. Red1 Qd5 31. Nxc4 bxc4 32. Qc3 Qb5 33. Rb1 Ra8 1/2-1/2

[Event "Championnat de Martinique Toutes Catégor"]
[Site "Lamentin"]
[Date "2019.05.30"]
[Round "4.2"]
[White "Suez-Panama, Gilles"]
[Black "Laposte, Nicolas"]
[Result "1-0"]
[WhiteElo "1956"]
[BlackElo "1519"]
[PlyCount "211"]
[EventDate "2019.??.??"]

1. Nf3 Nf6 2. b3 d5 3. Bb2 Nc6 4. e3 Bg4 5. Bb5 a6 6. Bxc6+ bxc6 7. d3 e6 8.
O-O Bd6 9. Nbd2 O-O 10. Qe2 Re8 11. e4 e5 12. h3 Bh5 13. g3 Qd7 14. Kg2 Rad8
15. Rfe1 dxe4 16. dxe4 Bb4 17. c3 Qxd2 18. Nxd2 Bxe2 19. Rxe2 Bc5 20. Nc4 Bb6
21. f3 Rd3 22. Rc1 h6 23. Ba3 Nh7 24. Nb2 Rd7 25. Rcc2 f6 26. Rcd2 Red8 27. Nc4
Ng5 28. h4 Nf7 29. g4 Rd3 30. Bb4 c5 31. Rxd3 Rxd3 32. Nb2 Rd7 33. Ba3 Nd8 34.
Na4 Nb7 35. c4 Rd3 36. Kf2 Kf7 37. Nb2 Rd7 38. Ke3 Na5 39. Nd3 Nb7 40. Rd2 Ke8
41. Rg2 c6 42. Ke2 g5 43. Rh2 Rg7 44. hxg5 hxg5 45. Rh8+ Kd7 46. Rf8 Ke7 47.
Rb8 Ke6 48. Ra8 a5 49. Ra6 Bd8 50. Ra7 Bb6 51. Ra6 Bd8 52. Bxc5 Nxc5 53. Nxc5+
Kd6 54. Nd3 Rh7 55. c5+ Kd7 56. Ra7+ Bc7 57. Nf2 Rh8 58. Ke3 Rh2 59. a3 Rg2 60.
b4 axb4 61. axb4 Rg1 62. Nd3 Rb1 63. Ra2 Kc8 64. Rh2 Kd7 65. Rh7+ Kc8 66. Rf7
Bd8 67. Rh7 Ra1 68. Kd2 Ra2+ 69. Kc3 Rg2 70. Rh3 Rg1 71. Nb2 Bc7 72. Nc4 Rc1+
73. Kb3 Rb1+ 74. Kc3 Rc1+ 75. Kd3 Rb1 76. Rh8+ Kb7 77. Kc3 Rc1+ 78. Kb3 Rb1+
79. Nb2 Rf1 80. Rh3 Kc8 81. Na4 Rb1+ 82. Kc4 Rc1+ 83. Nc3 Kb7 84. Rh7 Kc8 85.
Rh6 Bd8 86. Rh7 Bc7 87. Rh8+ Bd8 88. b5 cxb5+ 89. Kb4 Kd7 90. c6+ Kxc6 91. Rxd8
Rf1 92. Rd3 Rh1 93. Rd1 Rh3 94. Rf1 Rh2 95. Nd5 Rh6 96. Rc1+ Kd7 97. Kxb5 Rh3
98. Rc7+ Kd8 99. Rc3 Rh6 100. Rc6 Rh1 101. Rxf6 Rb1+ 102. Kc5 Ke8 103. Kd6 Rc1
104. Nc7+ Rxc7 105. Kxc7 Ke7 106. Rg6 1-0

[Event "Championnat de Martinique Toutes Catégor"]
[Site "Lamentin"]
[Date "2019.05.31"]
[Round "4.3"]
[White "Francois-Haugrin, Said"]
[Black "Grange, Julien"]
[Result "0-1"]
[WhiteElo "1897"]
[BlackElo "1895"]
[PlyCount "42"]
[EventDate "2019.??.??"]

1. e4 d6 2. d4 Nf6 3. Bd3 e5 4. Ne2 Nc6 5. d5 Ne7 6. O-O g6 7. f4 exf4 8. Bxf4
Bg7 9. Bg5 Ng4 10. c3 h6 11. Bf4 c6 12. Qb3 cxd5 13. Bb5+ Bd7 14. exd5 Qb6+ 15.
Nd4 Bxd4+ 16. cxd4 Bxb5 17. Re1 Qxd4+ 18. Be3 Nxe3 19. Rxe3 O-O 20. Na3 Nxd5
21. Nc2 Qc5 0-1

[Event "Championnat de Martinique Toutes Catégor"]
[Site "Lamentin"]
[Date "2019.05.30"]
[Round "4.4"]
[White "Hebrard, Emmanuel"]
[Black "Evers, Shaman"]
[Result "1-0"]
[WhiteElo "1663"]
[BlackElo "1626"]
[PlyCount "67"]
[EventDate "2019.??.??"]

1. d4 d5 2. c4 e6 3. Bf4 Nf6 4. Nf3 c5 5. e3 Nc6 6. Nc3 a6 7. cxd5 Nxd5 8. Nxd5
Qxd5 9. a3 cxd4 10. exd4 Qe4+ 11. Be3 g6 12. Bd3 Qd5 13. O-O Bg7 14. Rc1 O-O
15. Bc4 Qd6 16. Qd2 Rd8 17. Rfd1 b5 18. Ba2 Ne7 19. Bf4 Qd7 20. Rc7 Qe8 21.
Rdc1 Nd5 22. Bxd5 Rxd5 23. Ne5 Bd7 24. Qc3 Bf8 25. Ng4 Bg7 26. Be5 Qd8 27. Ne3
b4 28. Qxb4 Rb5 29. Qd6 Bxe5 30. dxe5 Be8 31. b4 a5 32. g3 axb4 33. axb4 Rab8
34. R1c4 1-0

[Event "Championnat de Martinique Toutes Catégor"]
[Site "Lamentin"]
[Date "2019.05.30"]
[Round "5.1"]
[White "Verneuil, Pascal"]
[Black "Suez-Panama, Gilles"]
[Result "1/2-1/2"]
[WhiteElo "2112"]
[BlackElo "1956"]
[PlyCount "88"]
[EventDate "2019.??.??"]

1. e4 g6 2. d4 Bg7 3. Nc3 c5 4. dxc5 Bxc3+ 5. bxc3 Qa5 6. Qd4 Nf6 7. Qb4 Nc6 8.
Qxa5 Nxa5 9. Bd3 O-O 10. Ne2 b6 11. cxb6 axb6 12. Be3 d5 13. e5 Nd7 14. f4 Nc5
15. O-O Ba6 16. Nc1 Nc4 17. Bd4 e6 18. Re1 Nb2 19. Re3 Rfc8 20. Rb1 Nca4 21.
Ne2 Nc4 22. Rh3 Nab2 23. g4 Bb5 24. Nc1 Ba4 25. f5 exf5 26. gxf5 Bd7 27. e6
fxe6 28. fxg6 e5 29. Rxh7 exd4 30. Rxd7 dxc3 31. Rxd5 Nd2 32. Ra1 Rd8 33. Rxd8+
Rxd8 34. Ne2 Nxd3 35. cxd3 Rxd3 36. Rc1 Ne4 37. a4 Kg7 38. h4 Rh3 39. Kg2 Rxh4
40. Nxc3 Nxc3 41. Rxc3 Rxa4 42. Rc7+ Kxg6 43. Rc6+ Kf5 44. Rxb6 Rg4+ 1/2-1/2

[Event "Championnat de Martinique Toutes Catégor"]
[Site "Lamentin"]
[Date "2019.05.30"]
[Round "5.2"]
[White "Grange, Julien"]
[Black "Hebrard, Emmanuel"]
[Result "0-1"]
[WhiteElo "1895"]
[BlackElo "1663"]
[PlyCount "102"]
[EventDate "2019.??.??"]

1. d4 f5 2. c4 Nf6 3. Nf3 g6 4. Nc3 Bg7 5. e3 O-O 6. Be2 e6 7. O-O d6 8. b4
Nbd7 9. Qb3 Kh8 10. Rd1 Ne4 11. Bb2 Ndf6 12. Ne1 Nxc3 13. Bxc3 g5 14. Nd3 Ne4
15. Bb2 g4 16. Nf4 Rf6 17. f3 gxf3 18. Bxf3 Ng5 19. Rf1 Rh6 20. Qd1 Qe8 21. Nd3
e5 22. dxe5 dxe5 23. Nc5 Rd6 24. Qe1 e4 25. Bxg7+ Kxg7 26. Qc3+ Kg8 27. Be2 b6
28. Nb3 Qe7 29. Rad1 Rg6 30. c5 Nh3+ 31. Kh1 Qg5 32. Bc4+ Be6 33. Bxe6+ Rxe6
34. gxh3 Rg6 35. Rg1 Qh5 36. Nd4 Rd8 37. Qc4+ Kh8 38. Qe2 Qxh3 39. Ne6 Rxd1 40.
Qxd1 Rxg1+ 41. Kxg1 Qxe3+ 42. Kh1 Kg8 43. Qg1+ Qxg1+ 44. Kxg1 bxc5 45. bxc5 Kf7
46. Nd4 Kf6 47. Nc6 a6 48. a4 Ke6 49. Nb4 a5 50. Na6 c6 51. Kf2 Kd7 0-1

[Event "Championnat de Martinique Toutes Catégor"]
[Site "Lamentin"]
[Date "2019.05.30"]
[Round "5.3"]
[White "Alcindor, Samuel"]
[Black "Chancerel, Dominique"]
[Result "1-0"]
[WhiteElo "1570"]
[BlackElo "1726"]
[PlyCount "95"]
[EventDate "2019.??.??"]

1. e4 c5 2. Nf3 d6 3. d4 cxd4 4. Nxd4 Nf6 5. Nc3 g6 6. Bc4 Bg7 7. Be3 O-O 8.
Qd2 a6 9. a3 Bd7 10. f3 Nc6 11. Nd5 Nxd5 12. exd5 Ne5 13. Bb3 Rc8 14. O-O Re8
15. Rfe1 Qc7 16. c3 Nc4 17. Bxc4 Qxc4 18. Ne2 b5 19. Ng3 Rb8 20. Bg5 Bf6 21.
Bxf6 exf6 22. Ne4 Rxe4 23. Rxe4 Qc5+ 24. Qd4 Qxd4+ 25. Rxd4 Re8 26. Kf2 Re5 27.
Re1 g5 28. g3 Kg7 29. Re3 Bf5 30. f4 Rxe3 31. Kxe3 Bc2 32. Rd2 Bb3 33. Rf2 h5
34. Kd4 a5 35. fxg5 fxg5 36. Re2 Kf6 37. Re8 a4 38. Rd8 Ke7 39. Rh8 Bd1 40. Ke4
Bc2+ 41. Kd4 Bd1 42. h4 gxh4 43. gxh4 Be2 44. Ke4 Bg4 45. Kf4 Be2 46. Rb8 Bc4
47. Rb7+ Kf6 48. Rd7 1-0